| 000 | 01033cam a2200277 a 4500 | ||
|---|---|---|---|
| 999 |
_c8176 _d8176 |
||
| 003 | OSt | ||
| 005 | 20200810121109.0 | ||
| 008 | 070719s2008 cauab be 001 0 eng | ||
| 010 | _a 2007029725 | ||
| 020 | _a9781412913133 (cloth) | ||
| 020 | _a1412913136 (cloth) | ||
| 035 | _a(OCoLC)ocn156902322 | ||
| 035 | _a(OCoLC)156902322 | ||
| 050 | 0 | 0 |
_aG70.212 _b.E53 2008 |
| 082 | 0 | 0 |
_a910.285 _222 |
| 245 | 0 | 0 |
_aEncyclopedia of geographic information science / _ceditor, Karen K. Kemp. |
| 260 |
_aLos Angeles : _bSAGE Publications, _cc2008. |
||
| 300 |
_axxv, 558 p. : _bill., maps ; _c29 cm. |
||
| 500 | _a"A SAGE reference publication." | ||
| 504 | _aIncludes bibliographical references and index. | ||
| 650 | 0 |
_aGeographic information systems _vEncyclopedias. |
|
| 700 | 1 |
_aKemp, Karen K. _q(Karen Kathleen), _d1954- |
|
| 856 | 4 | 1 |
_3Table of contents only _uhttp://www.loc.gov/catdir/toc/ecip0723/2007029725.html |
| 856 | 4 | 2 |
_3Publisher description _uhttp://www.loc.gov/catdir/enhancements/fy0828/2007029725-d.html |
| 942 | _2ddc | ||